Popularne sosy w polsce - Statystyki

Ogólne statystyki
  • Ten quiz został rozwiązany 50 razy
  • Średni wynik to 8 z 20
Statystyki odpowiedzi
Sosy % Poprawnych
Ketchup
91%
Majonez
81%
Musztarda
81%
Czosnkowy
79%
Tysiąca wysp
53%
Śmietanowy
44%
Ostry
42%
Serowy
42%
Chrzan
40%
barbeque
37%
Amerykanski
35%
Meksykański
33%
Tatarski
26%
Jalapeno
19%
Miodowy
19%
Tzatziki
16%
Pikantny
12%
Curry
7%
Habanero
7%
Wasabi
5%
Nie znaleziono quizów pasujących do podanych kryteriów
Rozkład punktacji
Procent ludzi z każdym wynikiem
Percentyl według liczby udzielonych odpowiedzi
Twoja historia wyników
Nie rozwiązałeś tego quizu